U.S. States and Territories in 1819 on a Map - Statistics

General Stats
  • This quiz has been taken 1,007 times
    983 since last reset
  • The average score is 24 of 26
Answers on the Map
Answers color-coded by a green-red scale on the quiz's map according to % correct below.
 
Answer Stats
Answer % Correct
Louisiana
97%
New York
97%
Virginia
97%
Georgia
96%
Maryland
96%
North Carolina
96%
South Carolina
96%
Alabama
95%
Delaware
95%
Indiana
95%
Kentucky
95%
Michigan Territory
95%
Mississippi
95%
New Jersey
95%
Ohio
95%
Pennsylvania
95%
Tennessee
95%
Vermont
95%
Connecticut
94%
Illinois
94%
Massachusetts
94%
New Hampshire
94%
Rhode Island
94%
Oregon Territory
86%
Arkansas Territory
78%
Missouri Territory
75%
No matching quizzes found
Score Distribution
Percent of People with Each Score
Percentile by Number Answered
Your Score History
You have not taken this quiz since the last reset